[Event "Maia op 5th"]
[Site "Maia"]
[Date "2021.08.30"]
[Round "1"]
[White "Marques, Goncalo Jose Costa"]
[Black "Martinez Ramirez, Lennis"]
[Result "0-1"]
[WhiteElo "1217"]
[BlackElo "2458"]
[PlyCount "72"]
[EventDate "2021.08.30"]
[EventType "swiss"]
[EventRounds "7"]
[EventCountry "POR"]
[SourceTitle "CBM 204 Extra"]
[Source "ChessBase"]
[SourceDate "2021.11.30"]
[SourceVersion "1"]
[SourceVersionDate "2021.11.30"]
[SourceQuality "1"]

1. e4 c5 2. Nf3 Nc6 3. d4 cxd4 4. Nxd4 Nf6 5. Nc3 e6 6. Be3 Bb4 7. f3 d5 8. exd5 Nxd5 9. Nxc6 bxc6 10. Bd2 0-0 11. Bd3 Qh4+ 12. g3 Qd4 13. Nxd5 exd5 14. Bxb4 Re8+ 15. Be2 Qxb4+ 16. Qd2 Qxb2 17. 0-0 Bh3 18. Rfb1 Qe5 19. Re1 Re6 20. Bf1 Qf5 21. Bxh3 Qxh3 22. Rxe6 fxe6 23. Re1 Qf5 24. Qe2 Re8 25. Qd3 Qxd3 26. cxd3 Kf7 27. Rb1 e5 28. Rb7+ Re7 29. Rxe7+ Kxe7 30. Kf2 Kd6 31. Ke3 Kc5 32. f4 exf4+ 33. gxf4 a5 34. f5 a4 35. h4 Kb4 36. h5 h6 0-1